000 00475nam a22002057a 4500
003 bpm
005 20260415100702.0
008 260415b |||||||| |||| 00| j spa d
022 _a9789504646648
024 _aS. C. C. / M. C. y E. M.:
040 _aAR-CtUCP
041 _aspa
080 _aCDU
100 _aDe Santis Pablo
245 _aTrasnoche
260 _aBuenos Aires
_bSantillana
_c2018
650 _aLiteratura - Cuento
942 _cLIB
999 _c76645
_d76645